000 00268nam a2200109Ia 4500
008 240126s9999 xx 000 0 und d
041 _aEnglish
245 0 _aQuality Progress (1998 -
260 _bAmerican Society for Quality
_aMilwaukee
440 _aI
942 _cJN
999 _c254127
_d254127